| 000 | 00509nam a2200181Ia 4500 | ||
|---|---|---|---|
| 999 |
_c3407 _d3407 |
||
| 003 | GBCCL | ||
| 005 | 20241126110454.0 | ||
| 008 | 171127b xxu||||| |||| 00| 0 eng d | ||
| 020 | _a0-570-04498-7 | ||
| 040 | _cgbc | ||
| 082 |
_a242.63 _bTEE |
||
| 100 |
_aTeens _96936 |
||
| 245 |
_aIn the Palm of His hand: _bA devotional journey / _cTeens for Teens |
||
| 260 |
_bConcordia Publishing House, _aSaint Louis: _c1988 |
||
| 300 |
_a128p.; _bill., _c20 cm. |
||
| 650 |
_aDevotions _vTeens _96937 |
||
| 942 |
_2ddc _cBK _01 |
||